SHP Kastamonu il gençlik komisyonu raporu (Record no. 9688)

MARC details
000 -BAŞLIK
Sabit Uzunlukta Kontrol Alanı 00806na a2200253 4500
001 - KONTROL NUMARASI
Denetim Alanı 21830
003 - KONTROL NUMARASI IDENTIFIER
Denetim Alanı MIRAKIL
005 - SON İŞLEM TARİHİ VE ZAMANI
Denetim Alanı 20181213155254.0
008 - SABİT-BOY VERİ ELEMANLARI - GENEL BİLGİLER
Sabit Uzunlukta Kontrol Alanı 170220b tu 000 0
035 ## - SİSTEM KONTROL NUMARASI
Sistem Kontrol Numarası 21830
040 ## - KATALOGLAMA KAYNAK
Orijinal Kataloglama Ajansı Milas
Kataloglama Dili tur
Metne Dönüştürmek Ajansı TR-AnCHP
041 ## - DİL KODU
Metin / Ses Parça Veya Ayrı Başlığın Dil Kodu tur
082 ## - DEWEY ONLU SINIFLANDIRMA NUMARASI
Sınıflandırma Numarası SHP 324.172
Ürün Numarası S36 [1992]
090 ## - SINIFLAMA NUMARASI
Sınıflama Numarası SHP 324.172 S36 [1992]
245 ## - BAŞLIK TABLOSU
Başlık SHP Kastamonu il gençlik komisyonu raporu
Başlığın Kalan 7 Ekim 1989-21 Kasım 1992
Sorumluluk Tablosu, Vb hazırlayan SHP İl Gençlik Komisyonu
260 ## - YAYIN, DAĞITIM, VB
Yayın, Dağıtım, Vb Yeri Kastamonu
Yayıncı, Dağıtıcı, Vs Adı SHP
Yayın, Dağıtım, Vb Tarihi 1992
300 ## - FİZİKSEL TANIM
Kapsam yaklaşık 300 s.
Diğer Fiziksel Ayrıntıları tbl.
Boyutlar 28 sm.
610 ## - KONU KATMA GİRİŞ - TOPLANTI ADI
Giriş Elemanı Olarak Kurumsal Ad Veya Yargı Alanı Adı SHP
Genel Alt Bölüm Komisyon raporları (1989-92)
650 ## - KONU KATMA GİRİŞ - TOPİKAL DÖNEM
Topikal Süreli Veya Coğrafi Ad Giriş Elemanı SHP
Genel Alt Bölümü İl Gençlik Komisyonları
Coğrafi Alt Bölümü Kastamonu
710 ## - KATMA GİRİŞ - KURUMSAL ADI
Giriş Elemanı Olarak Kurumsal Ad Veya Yargı Alanı Adı Sosyaldemokrat Halkçı Parti (SHP)
Alt Birim İl Gençlik Komisyonu
830 ## - SERİSİ EKLENDİ GİRİŞ - ÜNİFORM ADI
Üniforma Başlık SHP yayınları
942 ## - EKLENDİ GİRİŞ ELEMANLARI (KOHA)
Sınıflandırma Veya Raf Düzeni Kaynak Dewey Decimal Classification
Koha Öğesi Türü Books
999 ## - SİSTEM KONTROL NUMARALARI (KOHA)
Koha Biblionumber 9688
Koha Biblioitemnumber 9688
Holdings
Kalıcı Konum Mevcut Konum Edinme Tarihi Edinim Kaynak Toplam Check-Out'Lar Tam Çağrı Numarası Barkod Tarih Son Görülme İtibaren Geçerli Fiyatlar Koha Öğesi Türü
CHP Kütüphanesi CHP Kütüphanesi 02/08/2017 Bağış   SHP 324.172 S36 [1992] 012905 02/08/2017 02/08/2017 Books